000 00363pab a2200145 454500
008 180718b2005 xxu||||| |||| 00| 0 eng d
100 _aTongia, Rahul
245 _aRevisiting natural gas imports for India
260 _c2005
300 _ap.2032-36.
362 _a14 May
650 _aGas resources
773 _aEconomic and Political Weekly
909 _a65197
999 _c65197
_d65197